Radiohead - Lift lyrics - Statistics

General Stats
  • This quiz has been taken 14 times
  • The average score is 92 of 129
Answer Stats
Answer % Correct
a
100%
to
100%
is
91%
It
91%
it
91%
of
91%
the
91%
The
91%
you,
91%
you
91%
are
82%
in
82%
In
82%
it's
82%
lift
82%
place
82%
smell
82%
This
82%
time
82%
your
82%
belly
73%
fish
73%
reach
73%
So
73%
stuck
73%
trying
73%
up
73%
up,
73%
you're
73%
air
64%
At
64%
been
64%
bottom
64%
conditioning
64%
down,
64%
now
64%
ocean
64%
Sit
64%
We've
64%
You've
64%
all
55%
come
55%
Empty
55%
home
55%
Let
55%
Me
55%
pockets
55%
safe
55%
squirt
55%
Thom
55%
day
45%
days
45%
first
45%
lighten
45%
rest
45%
see
45%
again
36%
always
36%
'Cause
36%
ever
36%
go
36%
I'm
36%
Today
36%
whale
36%
won't
36%
face
27%
hurt
27%
Remember
27%
No matching quizzes found
Score Distribution
Percent of People with Each Score
Percentile by Number Answered
Your Score History
You have not taken this quiz